00687 2200217 4500001002100000005001700021008004100038020002200079035002400101082000800125090001800133100002000151245012300171250001100294260003600305300003400341504003100375650001700406700001900423999002700442YOGYA-0213000000083220130220092815.0 ind  a978-602-98044-8-5 0010-021300000000832 a920 aDEP 920 Ira T aIRA PUSPITORINI aTrus spirit Dahlan Iskan: 10 jurus nyentrik Pak Dis dalam meraih kesuksesan/Ira Puspitorini; penyunting Danu Wijayanti aCet. 1 aYogyakartabKanal Publikac2012 a183 hlm.bilusc20 cm.(2 eks) aBibliografi : hlm. 181-183 aDahlan Iskan aDanu Wijayanti aCB-D.11-2012-1109-1110